| 000 | 01156nam a22003497a 4500 | ||
|---|---|---|---|
| 001 | 0022615 | ||
| 003 | KOHA_MİRAKIL | ||
| 005 | 20260207002349.0 | ||
| 007 | ta | ||
| 008 | 101004b1974 tu |||gr||||#0|||0|tur | | ||
| 040 |
_aTR-BiSEU _btur _cTR-BiSEU _erda |
||
| 041 | 0 | _atur | |
| 044 | _ctu | ||
| 050 |
_aDR594.5 _b.K57 1974 |
||
| 245 | 0 |
_aKitâb-i müstetâb/ _ceditör Yaşar Yücel. |
|
| 264 | 1 |
_aAnkara : _bAnkara Üniversitesi Dil ve Tarih-Coğrafya Fakültesi _c1974 |
|
| 300 | _a c.: tıpkıbs. | ||
| 336 |
_ametin _btxt _2rdacontent |
||
| 337 |
_aaracısız _bn _2rdamedia |
||
| 338 |
_acilt _bnc _2rdacarrier |
||
| 490 | 0 | _aAnkara Üniversitesi. | |
| 490 | 0 | _aDil ve Tarih-Coğrafya Fakültesi yayınları 216. | |
| 500 | _aKaynakça ve dizin var. | ||
| 500 | _aMetin Türkçe ve Arap harfleriyle. | ||
| 500 | _aKitap adı başında: Osmanlı devlet düzenine ait metinler. | ||
| 650 | 0 |
_aTürkiye--Tarih 1453-1683. _921743 |
|
| 650 | 0 |
_aTürkiye--Siyaset ve yönetim. _97157 |
|
| 830 | 0 |
_aAnkara Üniversitesi. _96714 |
|
| 830 | 0 |
_aDil ve Tarih-Coğrafya Fakültesi yayınları 216. _947145 |
|
| 907 | _aTarih | ||
| 942 |
_2lcc _cBK |
||
| 999 |
_c22571 _d22571 |
||